[Event "32nd olm final"]
[Site "Yerevan"]
[Date "1996.09.25"]
[Round "9.4"]
[White "Itkis, Boris"]
[Black "Borge, Nikolaj"]
[Result "0-1"]
[WhiteElo "2470"]
[BlackElo "2455"]
[EventDate "1996.09.15"]
[WhiteTeam "Moldova"]
[BlackTeam "Denmark"]
[PlyCount "138"]

1.d4 Nf6 2.Nf3 g6 3.c4 Bg7 4.g3 O-O 5.Bg2 d6 6.O-O Nbd7 7.Nc3 e5 8.e4 exd4
9.Nxd4 Re8 10.h3 a6 11.Be3 Rb8 12.a4 Nc5 13.Qc2 a5 14.Rad1 Bd7 15.Rfe1 Qc8
16.Kh2 Re5 17.f3 Rh5 18.h4 h6 19.Kg1 Re5 20.Nde2 b6 21.Bd4 Re8 22.b3 g5
23.hxg5 hxg5 24.Be3 g4 25.f4 Nh5 26.Bf2 Ne6 27.Nd5 Qd8 28.Rd2 Bc6 29.e5
dxe5 30.Nxb6 Nd4 31.Nxd4 exd4 32.Rxe8+ Bxe8 33.Qf5 Nxg3 34.Bxg3 Rxb6 35.
Rd3 Bc6 36.Bxc6 Rxc6 37.Qxa5 Qe8 38.Qd2 Re6 39.Kf2 f5 40.c5 Qc6 41.Qc1 Qe4
42.Qd1 Qd5 43.b4 Re3 44.Kg1 Qe4 45.Rxe3 Qxe3+ 46.Kh2 d3 47.a5 Bd4 48.a6
Qe6 49.Qe1 Qxa6 50.Qe8+ Kh7 51.Qf7+ Bg7 52.Qxf5+ Qg6 53.Qxg6+ Kxg6 54.Be1
Bd4 55.Bd2 c6 56.Kg3 Kf5 57.Kg2 Ke4 58.b5 cxb5 59.c6 Bb6 60.Kg3 Kf5 61.Kg2
Bd8 62.Kf2 Bb6+ 63.Kg3 Bc7 64.Kf2 Ke4 65.Kg3 Kd5 66.Kxg4 Kxc6 67.Kf3 Kd5
68.f5 Bd8 69.Bh6 Kc4 0-1

[Event "32nd olm final"]
[Site "Yerevan"]
[Date "1996.09.26"]
[Round "10.1"]
[White "Ftacnik, Lubomir"]
[Black "Hansen, Curt"]
[Result "1-0"]
[WhiteElo "2610"]
[BlackElo "2595"]
[EventDate "1996.09.15"]
[WhiteTeam "Slovakia"]
[BlackTeam "Denmark"]
[PlyCount "65"]

1.d4 d5 2.c4 dxc4 3.e4 e5 4.Nf3 exd4 5.Bxc4 Bb4+ 6.Nbd2 Nc6 7.O-O Nf6 8.e5
Nd5 9.Nb3 Nb6 10.Bg5 Be7 11.Bxe7 Nxe7 12.Bd3 Ng6 13.Nfxd4 Nf4 14.Bb5+ c6
15.Qf3 Nh3+ 16.gxh3 cxb5 17.Qg3 O-O 18.Rad1 Qe8 19.Rfe1 Nc4 20.Nc5 Nxb2
21.Ne4 Qe7 22.Nd6 g6 23.Rb1 Nc4 24.N4xb5 Be6 25.Ne4 Kg7 26.Nbd6 Rad8 27.a4
a6 28.Nxc4 Bxc4 29.a5 Bd5 30.Nf6 Qe6 31.Nh5+ Kh8 32.Nf4 Qc6 33.Rec1 1-0

[Event "32nd olm final"]
[Site "Yerevan"]
[Date "1996.09.26"]
[Round "10.2"]
[White "Nielsen, Peter Heine"]
[Black "Timoscenko, Gennadij"]
[Result "1/2-1/2"]
[WhiteElo "2530"]
[BlackElo "2530"]
[EventDate "1996.09.15"]
[WhiteTeam "Denmark"]
[BlackTeam "Slovakia"]
[PlyCount "49"]

1.e4 e5 2.Nf3 Nc6 3.Bb5 a6 4.Bxc6 dxc6 5.O-O f6 6.d4 exd4 7.Nxd4 c5 8.Nb3
Qxd1 9.Rxd1 Bg4 10.f3 Bd7 11.Bf4 O-O-O 12.Nc3 c4 13.Na5 Bc5+ 14.Kf1 b5 15.
Nd5 c6 16.b4 Ba7 17.Nc7 Bb8 18.Ne6 Bxf4 19.Nxc6 Re8 20.Na7+ Kb8 21.Nxf4
Re7 22.Nd5 Re6 23.Nf4 Re7 24.Nd5 Re6 25.Nf4 1/2-1/2

[Event "32nd olm final"]
[Site "Yerevan"]
[Date "1996.09.26"]
[Round "10.3"]
[White "Salai, Ladislav"]
[Black "Danielsen, Henrik"]
[Result "1-0"]
[WhiteElo "2440"]
[BlackElo "2495"]
[EventDate "1996.09.15"]
[WhiteTeam "Slovakia"]
[BlackTeam "Denmark"]
[PlyCount "87"]

1.e4 c6 2.d4 d5 3.Nd2 dxe4 4.Nxe4 Bf5 5.Ng3 Bg6 6.h4 h6 7.Nf3 Nd7 8.h5 Bh7
9.Bd3 Bxd3 10.Qxd3 e6 11.Bd2 Ngf6 12.O-O-O Be7 13.Ne4 O-O 14.Kb1 c5 15.
Nxf6+ Nxf6 16.g4 Nxg4 17.Rhg1 f5 18.Rde1 Qd5 19.c4 Qd7 20.d5 Rad8 21.Qe2
Bf6 22.Qxe6+ Qxe6 23.Rxe6 b5 24.cxb5 Rxd5 25.Bc3 Bxc3 26.bxc3 Nxf2 27.Ne5
Nh3 28.Rf1 Ng5 29.Re7 c4 30.a4 Ne4 31.Rg1 Ng5 32.Ng6 Rfd8 33.Rxa7 Rd2 34.
Ne5 Re2 35.Re7 f4 36.Nc6 Rdd2 37.Rxe2 Rxe2 38.Nd4 Re7 39.Rf1 Ne4 40.Kc2
Ra7 41.Ra1 Nc5 42.a5 Kf7 43.a6 Kf6 44.Rg1 1-0

[Event "32nd olm final"]
[Site "Yerevan"]
[Date "1996.09.26"]
[Round "10.4"]
[White "Mortensen, Erling"]
[Black "Pcola, Pavol"]
[Result "0-1"]
[WhiteElo "2445"]
[BlackElo "2450"]
[EventDate "1996.09.15"]
[WhiteTeam "Denmark"]
[BlackTeam "Slovakia"]
[PlyCount "94"]

1.e4 e6 2.Nc3 d5 3.Nf3 Nf6 4.e5 Nfd7 5.d4 c5 6.Bb5 a6 7.Bxd7+ Bxd7 8.Be3
b6 9.O-O Be7 10.Re1 O-O 11.Ne2 Nc6 12.Qd2 Rc8 13.c3 cxd4 14.Nexd4 Na5 15.
b3 Qc7 16.Rac1 Nb7 17.b4 Nd8 18.Bf4 Kh8 19.h4 Qc4 20.h5 Bb5 21.h6 gxh6 22.
Bxh6 Rg8 23.a4 Bxa4 24.Bg5 Qc7 25.Qf4 Bxg5 26.Nxg5 Qe7 27.Ngf3 Nc6 28.Re3
Nxd4 29.Nxd4 Rg6 30.Rf3 Be8 31.Ra1 Ra8 32.Qh2 a5 33.Rh3 Rg7 34.f4 f5 35.
exf6 Qxf6 36.Re3 Bf7 37.Re5 Re8 38.Ra2 axb4 39.cxb4 Qg6 40.f5 Qg5 41.Rc2
Qg4 42.Rd2 exf5 43.Rxf5 Bg6 44.Rf4 Qc8 45.Rf1 Qc3 46.Qf4 Be4 47.Nf3 Rg4
0-1

[Event "32nd olm final"]
[Site "Yerevan"]
[Date "1996.09.27"]
[Round "11.2"]
[White "Nielsen, Peter Heine"]
[Black "Elbilia, Jacques"]
[Result "1/2-1/2"]
[WhiteElo "2530"]
[BlackElo "2350"]
[EventDate "1996.09.15"]
[WhiteTeam "Denmark"]
[BlackTeam "Morocco"]
[PlyCount "102"]

1.c4 e5 2.Nc3 Nf6 3.Nf3 Nc6 4.g3 Bc5 5.Bg2 d6 6.O-O O-O 7.d3 h6 8.a3 a6 9.
b4 Ba7 10.Bb2 Nd4 11.Nxd4 Bxd4 12.e3 Ba7 13.h3 c6 14.Kh2 Re8 15.Qd2 d5 16.
c5 Bf5 17.Rad1 e4 18.dxe4 dxe4 19.Na4 Qxd2 20.Rxd2 Nd5 21.Rfd1 Rac8 22.Nc3
Nxc3 23.Bxc3 Bb8 24.h4 Bg4 25.Bh3 h5 26.Bxg4 hxg4 27.Rd7 Bc7 28.Kg2 Kf8
29.h5 Re6 30.Rh1 Ke8 31.Rxc7 Rxc7 32.Bxg7 f5 33.h6 Rxg7 34.hxg7 Kf7 35.Rh5
Re5 36.Rg5 Kg8 37.Kf1 Rd5 38.Rg6 Rd3 39.Rd6 Rxa3 40.Rd7 a5 41.b5 Rc3 42.b6
Rxc5 43.Rxb7 Rb5 44.Ra7 Rxb6 45.Rxa5 Rb1+ 46.Ke2 Rb2+ 47.Ke1 Rb1+ 48.Kd2
Rb2+ 49.Ke1 Rb1+ 50.Ke2 Rb2+ 51.Kf1 Rb1+ 1/2-1/2

[Event "32nd olm final"]
[Site "Yerevan"]
[Date "1996.09.27"]
[Round "11.3"]
[White "Arbouche, Muhamed"]
[Black "Borge, Nikolaj"]
[Result "0-1"]
[WhiteElo "2265"]
[BlackElo "2455"]
[EventDate "1996.09.15"]
[WhiteTeam "Morocco"]
[BlackTeam "Denmark"]
[PlyCount "56"]

1.e4 c6 2.d4 d5 3.e5 Bf5 4.Nc3 e6 5.g4 Bg6 6.Nge2 c5 7.Nf4 Nc6 8.Bb5 cxd4
9.Qxd4 Ne7 10.Ba4 a6 11.Nxg6 hxg6 12.Qc5 Rc8 13.Bg5 b5 14.Nxb5 Qa5+ 15.b4
Qxa4 16.Nd6+ Kd7 17.a3 Nxe5 18.Nxc8 Nf3+ 19.Kd1 Nxc8 20.Qe3 Nxg5 21.Qxg5
Rh3 22.Qf4 f6 23.f3 Bd6 24.Qe3 Qc6 25.Qd3 Be5 26.Rb1 Nd6 27.Qxg6 Qc3 28.
Qd3 Ne4 0-1

[Event "32nd olm final"]
[Site "Yerevan"]
[Date "1996.09.28"]
[Round "12.1"]
[White "Hansen, Curt"]
[Black "Murshed, Niaz"]
[Result "1-0"]
[WhiteElo "2595"]
[BlackElo "2510"]
[EventDate "1996.09.15"]
[WhiteTeam "Denmark"]
[BlackTeam "Bangladesh"]
[PlyCount "79"]

1.d4 d5 2.c4 c6 3.Nc3 Nf6 4.Nf3 e6 5.Bg5 dxc4 6.e4 b5 7.e5 h6 8.Bh4 g5 9.
Nxg5 hxg5 10.Bxg5 Nbd7 11.exf6 Qa5 12.g3 b4 13.Ne4 Ba6 14.Qf3 O-O-O 15.Be2
Qd5 16.O-O c5 17.dxc5 Nxc5 18.Nxc5 Bxc5 19.Rfd1 Qxg5 20.Qc6+ Kb8 21.Rxd8+
Rxd8 22.Qxa6 Qxf6 23.Rf1 c3 24.bxc3 Qxc3 25.Kg2 Bb6 26.Bf3 Qc8 27.Qe2 Rd4
28.h4 Qc4 29.Qe5+ Qc7 30.Qg5 Qd8 31.Qg7 Rd7 32.Qe5+ Qc7 33.Qe4 Qc5 34.h5
Kc7 35.h6 Qd4 36.Qa8 Qb2 37.h7 Rd2 38.Qb7+ Kd8 39.Qb8+ Ke7 40.Bc6 1-0

[Event "32nd olm final"]
[Site "Yerevan"]
[Date "1996.09.28"]
[Round "12.2"]
[White "Rahman, Ziaur"]
[Black "Danielsen, Henrik"]
[Result "1/2-1/2"]
[WhiteElo "2460"]
[BlackElo "2495"]
[EventDate "1996.09.15"]
[WhiteTeam "Bangladesh"]
[BlackTeam "Denmark"]
[PlyCount "110"]

1.c4 Nf6 2.Nf3 e6 3.g3 b6 4.Bg2 Bb7 5.O-O Be7 6.b3 O-O 7.Bb2 d5 8.e3 Nbd7
9.Qe2 a5 10.Nc3 Ne4 11.d4 f5 12.Nxe4 dxe4 13.Nd2 Bb4 14.a3 Bxd2 15.Qxd2 a4
16.Qc2 Nf6 17.Bc3 Qe8 18.b4 Qc6 19.Bd2 h6 20.b5 Qe8 21.Rab1 Nh7 22.Rb4 Ng5
23.Qd1 Nf3+ 24.Bxf3 exf3 25.h3 Be4 26.Kh2 c6 27.bxc6 Qxc6 28.Bc3 Rfc8 29.
Rg1 Ra7 30.Bb2 Kh7 31.Qd2 Rac7 32.Rc1 Qe8 33.Ba1 Qd7 34.Bb2 b5 35.d5 bxc4
36.d6 Rc5 37.Rb6 Rd5 38.Qb4 Rd3 39.Bc3 Rd8 40.Qxc4 Rxd6 41.Rxd6 Qxd6 42.
Qd4 Rd7 43.Qxd6 Rxd6 44.Bb4 Rd7 45.g4 g5 46.Kg3 Kg6 47.h4 Bb7 48.h5+ Kf7
49.Ba5 e5 50.gxf5 Kf6 51.Rc7 Rxc7 52.Bxc7 Kxf5 53.Bd6 g4 54.Kh4 e4 55.Bf4
Bd5 1/2-1/2

[Event "32nd olm final"]
[Site "Yerevan"]
[Date "1996.09.28"]
[Round "12.3"]
[White "Mortensen, Erling"]
[Black "Bin Sattar, Reefat"]
[Result "0-1"]
[WhiteElo "2445"]
[BlackElo "2465"]
[EventDate "1996.09.15"]
[WhiteTeam "Denmark"]
[BlackTeam "Bangladesh"]
[PlyCount "58"]

1.e4 c5 2.Nf3 Nc6 3.Bb5 e6 4.Bxc6 bxc6 5.d3 d5 6.O-O Nf6 7.e5 Nd7 8.b3 Be7
9.Bb2 f5 10.c4 g5 11.Qe2 d4 12.Bc1 h5 13.Ne1 Nf8 14.f4 h4 15.fxg5 Bxg5 16.
Bxg5 Qxg5 17.Qd2 Qg4 18.Qa5 h3 19.Qxc5 hxg2 20.Qxc6+ Kf7 21.Nxg2 Rb8 22.
Qc7+ Nd7 23.Nd2 Qh3 24.Nf3 Rg8 25.Ne1 Qe3+ 26.Rf2 Qxe5 27.Qxa7 Bb7 28.Nf3
Qe3 29.Qxd4 Rxg2+ 0-1

[Event "32nd olm final"]
[Site "Yerevan"]
[Date "1996.09.28"]
[Round "12.4"]
[White "Lovlu, Saifuddin"]
[Black "Borge, Nikolaj"]
[Result "1-0"]
[WhiteElo "2230"]
[BlackElo "2455"]
[EventDate "1996.09.15"]
[WhiteTeam "Bangladesh"]
[BlackTeam "Denmark"]
[PlyCount "113"]

1.Nf3 Nf6 2.b3 g6 3.Bb2 Bg7 4.g3 O-O 5.Bg2 d6 6.d4 e5 7.dxe5 Nfd7 8.O-O
Nc6 9.Nc3 Ndxe5 10.Nxe5 Nxe5 11.Qd2 Re8 12.Rad1 Rb8 13.h3 b5 14.f4 Nd7 15.
e4 b4 16.Na4 Bxb2 17.Nxb2 Qf6 18.Nc4 Nb6 19.Ne3 a5 20.Kh2 h5 21.Qf2 Kg7
22.g4 hxg4 23.hxg4 Rh8+ 24.Kg1 Qh4 25.Qxh4 Rxh4 26.f5 Bb7 27.Kf2 Re8 28.
Kg3 Rhh8 29.f6+ Kf8 30.Rh1 Rg8 31.Rd4 Nd7 32.g5 Re5 33.Kf4 Nc5 34.Rc4 Ne6+
35.Kf3 Ba6 36.Nd5 Bxc4 37.bxc4 Ke8 38.Ke3 Kd8 39.Ne7 Rf8 40.Nc6+ Kd7 41.
Nxe5+ dxe5 42.Bh3 Kd6 43.Bxe6 Kxe6 44.c3 bxc3 45.Kd3 Rd8+ 46.Kxc3 Rd4 47.
Rh4 Rd1 48.Rh8 Rg1 49.Re8+ Kd6 50.c5+ Kc6 51.Rxe5 Rg3+ 52.Kd4 a4 53.Re7
Rxg5 54.Rxf7 Rg2 55.e5 Rxa2 56.e6 Rd2+ 57.Kc4 1-0

[Event "32nd olm final"]
[Site "Yerevan"]
[Date "1996.09.30"]
[Round "13.1"]
[White "Cekro, Ekrem"]
[Black "Hansen, Curt"]
[Result "1/2-1/2"]
[WhiteElo "2410"]
[BlackElo "2595"]
[EventDate "1996.09.15"]
[WhiteTeam "Belgium"]
[BlackTeam "Denmark"]
[PlyCount "92"]

1.c4 g6 2.g3 Bg7 3.Bg2 e5 4.Nc3 d6 5.e4 Nd7 6.Nge2 Ne7 7.O-O O-O 8.h3 a6
9.d3 Rb8 10.Be3 b5 11.cxb5 axb5 12.b4 c6 13.Qd2 Bb7 14.a4 bxa4 15.Nxa4 Nc8
16.Rfc1 Ndb6 17.Nec3 f5 18.Nxb6 Nxb6 19.Ra7 Nc8 20.Ra5 Kh8 21.Ne2 d5 22.
Bg5 Qd7 23.exd5 cxd5 24.Rac5 Nd6 25.Rc7 Qe6 26.Re7 Qg8 27.Rcc7 Rf7 28.Rxb7
Rxb7 29.Bxd5 Rbxe7 30.Bxe7 Nb5 31.Bc5 Qe8 32.Bxf7 Qxf7 33.d4 exd4 34.Nxd4
Qd5 35.Nf3 Qxd2 36.Nxd2 Kg8 37.Kf1 Kf7 38.Ke2 Ke6 39.Kd3 Kd5 40.Nc4 Nc3
41.Ne3+ Kc6 42.Kc4 Nb5 43.Nc2 Be5 44.Bf8 Bf6 45.Bc5 Be5 46.Kd3 Kd5 1/2-1/2

[Event "32nd olm final"]
[Site "Yerevan"]
[Date "1996.09.30"]
[Round "13.2"]
[White "Nielsen, Peter Heine"]
[Black "Dutreeuw, Marc"]
[Result "1-0"]
[WhiteElo "2530"]
[BlackElo "2390"]
[EventDate "1996.09.15"]
[WhiteTeam "Denmark"]
[BlackTeam "Belgium"]
[PlyCount "111"]

1.e4 e5 2.Nf3 Nc6 3.Bb5 a6 4.Bxc6 dxc6 5.O-O f6 6.d4 exd4 7.Nxd4 c5 8.Nb3
Qxd1 9.Rxd1 Bg4 10.f3 Bd7 11.Bf4 O-O-O 12.Nc3 c4 13.Na5 Bc5+ 14.Kf1 b5 15.
Nd5 c6 16.b4 Ba7 17.Nc7 Bb8 18.Ne6 Bxf4 19.Nxc6 Re8 20.Na7+ Kb8 21.Nxf4
Re7 22.Nd5 Re6 23.Nb6 Be8 24.Nbc8 Nh6 25.Rd5 Nf7 26.Rad1 g5 27.R1d4 Ne5
28.Kf2 h5 29.h4 gxh4 30.Rd6 Bf7 31.f4 Ng4+ 32.Ke2 Rhe8 33.Rxe6 Bxe6 34.Nd6
Rg8 35.Nc6+ Kc7 36.Ne7 Rd8 37.Ndf5 Re8 38.c3 Bxf5 39.Nxf5 Rg8 40.Rd5 Re8
41.Rd4 Kc6 42.Nxh4 a5 43.bxa5 Ra8 44.Nf5 Rxa5 45.Ne7+ Kc7 46.Nd5+ Kb7 47.
Nb4 Ra3 48.Kd2 Nf2 49.e5 f5 50.e6 Ne4+ 51.Rxe4 fxe4 52.e7 Ra8 53.f5 Kc7
54.Nd5+ Kd6 55.f6 e3+ 56.Kxe3 1-0

[Event "32nd olm final"]
[Site "Yerevan"]
[Date "1996.09.30"]
[Round "13.3"]
[White "Geenen, Marc"]
[Black "Danielsen, Henrik"]
[Result "1/2-1/2"]
[WhiteElo "2330"]
[BlackElo "2495"]
[EventDate "1996.09.15"]
[WhiteTeam "Belgium"]
[BlackTeam "Denmark"]
[PlyCount "90"]

1.e4 c6 2.d4 d5 3.Nc3 dxe4 4.Nxe4 Nd7 5.Bc4 Ndf6 6.Nxf6+ Nxf6 7.c3 Qc7 8.
Qf3 Bg4 9.Qg3 Qxg3 10.hxg3 e6 11.f3 Bf5 12.g4 Bg6 13.Ne2 O-O-O 14.Nf4 Bd6
15.Kf2 Nd5 16.Nxg6 hxg6 17.Bg5 Rde8 18.Rxh8 Rxh8 19.Rd1 Kd7 20.Bb3 a6 21.
c4 Ne7 22.Bc2 Bb8 23.Be3 Bd6 24.Bd2 Rh4 25.a4 f6 26.b3 g5 27.Be4 Rh2 28.
Kg1 Rh8 29.a5 Bg3 30.b4 Nc8 31.Bc2 Nd6 32.Bb3 Bf4 33.Bc3 Bg3 34.Rd3 Re8
35.Kf1 Re7 36.Re3 Re8 37.Bb2 f5 38.d5 exd5 39.Rxe8 Nxe8 40.gxf5 Kd6 41.
cxd5 cxd5 42.Ba4 Nf6 43.Bd4 Be5 44.Bc5+ Kc7 45.Bb6+ Kc8 1/2-1/2

[Event "32nd olm final"]
[Site "Yerevan"]
[Date "1996.09.30"]
[Round "13.4"]
[White "Borge, Nikolaj"]
[Black "Mohandesi, Shahin"]
[Result "1/2-1/2"]
[WhiteElo "2455"]
[BlackElo "2355"]
[EventDate "1996.09.15"]
[WhiteTeam "Denmark"]
[BlackTeam "Belgium"]
[PlyCount "81"]

1.e4 c5 2.Nf3 Nc6 3.d4 cxd4 4.Nxd4 Nf6 5.Nc3 d6 6.Bg5 e6 7.Qd2 a6 8.O-O-O
Bd7 9.f3 Be7 10.Kb1 b5 11.h4 Nxd4 12.Qxd4 Qa5 13.e5 dxe5 14.Qxe5 Rc8 15.
Ne4 Qc7 16.Qxc7 Rxc7 17.Nd6+ Bxd6 18.Bxf6 gxf6 19.Rxd6 Rc6 20.Rd2 Ke7 21.
Bd3 f5 22.Re1 Rd6 23.Kc1 Rg8 24.Bf1 Rxd2 25.Kxd2 Bc6 26.Ke3 Rd8 27.Bd3 h6
28.a3 Kf6 29.Rg1 Rg8 30.c4 Ke5 31.g3 Rxg3 32.Rxg3 f4+ 33.Kf2 fxg3+ 34.Kxg3
Kd4 35.cxb5 axb5 36.Bf1 Ke3 37.f4 f5 38.b3 Kd4 39.Kf2 Kc3 40.a4 b4 41.a5
1/2-1/2

[Event "32nd olm final"]
[Site "Yerevan"]
[Date "1996.10.01"]
[Round "14.3"]
[White "Zjukin, Sergei"]
[Black "Danielsen, Henrik"]
[Result "1/2-1/2"]
[WhiteElo "2365"]
[BlackElo "2495"]
[EventDate "1996.09.15"]
[WhiteTeam "Estonia"]
[BlackTeam "Denmark"]
[PlyCount "75"]

1.e4 c6 2.d4 d5 3.Nd2 dxe4 4.Nxe4 Bf5 5.Ng3 Bg6 6.h4 h6 7.Nf3 Nf6 8.h5 Bh7
9.Bd3 Bxd3 10.Qxd3 e6 11.Bd2 Nbd7 12.O-O-O Qc7 13.Ne4 O-O-O 14.g3 Nxe4 15.
Qxe4 Bd6 16.c4 Nf6 17.Qe2 c5 18.Bc3 cxd4 19.Nxd4 a6 20.Nf3 Rd7 21.Ne5 Bxe5
22.Bxe5 Qa5 23.Bxf6 Rxd1+ 24.Rxd1 gxf6 25.Rd3 Qc5 26.Qf3 Rg8 27.Rb3 Qe7
28.c5 Rg5 29.c6 Rc5+ 30.Rc3 bxc6 31.Qe3 Rxc3+ 32.bxc3 Qa3+ 33.Kb1 Qa4 34.
Qxh6 Qb5+ 35.Kc2 Qe2+ 36.Kb3 Qb5+ 37.Kc2 Qe2+ 38.Kb3 1/2-1/2

[Event "32nd olm final"]
[Site "Yerevan"]
[Date "1996.10.01"]
[Round "14.4"]
[White "Mortensen, Erling"]
[Black "Zavoronkov, Vladimir"]
[Result "1-0"]
[WhiteElo "2445"]
[BlackElo "2265"]
[EventDate "1996.09.15"]
[WhiteTeam "Denmark"]
[BlackTeam "Estonia"]
[PlyCount "53"]

1.e4 c5 2.Nf3 d6 3.d4 cxd4 4.Nxd4 Nf6 5.Nc3 Nc6 6.Bc4 Qb6 7.Nb3 e6 8.Bf4
Ne5 9.Be2 a6 10.Be3 Qc7 11.f4 Nc4 12.Bxc4 Qxc4 13.Qf3 Be7 14.O-O-O O-O 15.
g4 a5 16.g5 Nd7 17.a4 Nc5 18.Nxc5 dxc5 19.f5 Re8 20.f6 Bf8 21.e5 Ra6 22.
Rhg1 Qb4 23.Rg4 c4 24.g6 hxg6 25.Rxg6 Rb6 26.Bxb6 Qxb6 27.Rxg7+ 1-0